000 00649nam a2200253Ia 4500
005 20260121154234.0
008 008 260114s9999 xx 000 0 eng d
020 _a9781003246381
037 _aEBOOK
040 _aCRL
040 _beng
040 _cCRL
041 _2eng
041 _aeng
084 _qCRL
100 _a Kimberly S. McDonald; Linda M. Hite
_91004751
245 0 _aCareer Development: A Human Resource Development Perspective
260 _bTaylor and Francis
260 _c2023
856 _uhttp://www.taylorfrancis.com/books/9781003246381
942 _cEBOOK
999 _c1571572
_d1571572